LIBRARY & INFORMATION CENTRE, KCAET, TAVANUR

ONLINE PUBLIC ACCESS CATALOGUE (OPAC)

Development and performance evaluation of cocoa pod breaker cum bean extractor (Record no. 15103)

MARC details
000 -LEADER
fixed length control field 00835nam a22001817a 4500
003 - CONTROL NUMBER IDENTIFIER
control field OSt
088 ## - REPORT NUMBER
Report number P 306
100 ## - MAIN ENTRY--AUTHOR NAME
Personal name ARUN JOSHY
-- GEETHU S
-- KRISHNENDU K. M
-- NIKHIL C. S
245 ## - TITLE STATEMENT
Title Development and performance evaluation of cocoa pod breaker cum bean extractor
260 ## - PUBLICATION, DISTRIBUTION, ETC. (IMPRINT)
Place of publication Tavanur 2015
Name of publisher Department of Food and Agricultural Process Engineering
300 ## - PHYSICAL DESCRIPTION
Number of Pages 40
500 ## - GENERAL NOTE
General note Development and performance evaluation of cocoa pod breaker cum bean extractor
520 ## - SUMMARY, ETC.
Summary, etc Cocoa is a tropical crop and native to Aamazon region of South America. The developed cocoa pod breaker cum extractor had two main parts: cocoa pod breaker and cocoa bean extractor.
700 ## - ADDED ENTRY--PERSONAL NAME
Personal name Er. Rajesh G. K (Guide)
856 ## - ELECTRONIC LOCATION AND ACCESS
Uniform Resource Identifier https://drive.google.com/open?id=1qqNtYMsMmYAOFeJQfT6IM2TB-UDn9bbH
942 ## - ADDED ENTRY ELEMENTS (KOHA)
Koha item type Project Report
Holdings
Collection code Home library Current library Shelving location Full call number Accession Number Koha item type
Reference KAUAET KAUAET Reference 664 ARU/DE P 306 Project Report
free website counter